BLS for Healthcare Providers (Record no. 252666)

MARC details
000 -LEADER
fixed length control field 00430pam a2200169a 44500
008 - FIXED-LENGTH DATA ELEMENTS--GENERAL INFORMATION
fixed length control field 230405s2006 xxu||||| |||| 00| 0 eng d
020 ## - INTERNATIONAL STANDARD BOOK NUMBER
International Standard Book Number 0874934613
082 ## - DEWEY DECIMAL CLASSIFICATION NUMBER
Classification number 616.025
Item number HAZ
100 ## - MAIN ENTRY--PERSONAL NAME
Personal name Hazinski, Mary Fran
245 ## - TITLE STATEMENT
Title BLS for Healthcare Providers
260 ## - PUBLICATION, DISTRIBUTION, ETC.
Place of publication, distribution, etc. USA
Name of publisher, distributor, etc. American Heart Association
Date of publication, distribution, etc. 2006
300 ## - PHYSICAL DESCRIPTION
Extent 80 p.
502 ## - DISSERTATION NOTE
Dissertation note text
700 ## - ADDED ENTRY--PERSONAL NAME
Personal name O'Neill, Lindy
700 ## - ADDED ENTRY--PERSONAL NAME
Personal name Gonzales, Louis
906 ## - LOCAL DATA ELEMENT F, LDF (RLIN)
a 003255

No items available.